000 00713nam a2200289Ia 4500
001 17800
003 IT-RoPAU
008 130308s9999 xx 000 0 und d
040 _aIT-RoPAU
040 _cIT-RoPAU
041 _aFRANCESE
100 _aSouvestre-Allain
100 _gCodice Aut. SPICS: 1104
245 _aFantomas se venge
245 _bPresse (La)
250 _a1a ed.
260 _aPARIS
260 _bLarousse
260 _c1976 [1° Ed.:1976 - Ed.Ling.Originale:]
300 _a"1 p. (prefazione: no ; testo: 1 [pagine: 151-151])"
650 _aSAGGI DI STAMPA DI MASSA
650 _eCodice materia Spics: 6661
942 _cBK
957 _71
999 _c50063
_d50063
999 _bSI
999 _g1